[Event "Moscow Open F"]
[Site "?"]
[Date "2017.01.30"]
[Round "4.9"]
[White "Fotin, Vladimir"]
[Black "Mikheev, Evgeniy"]
[Result "1/2-1/2"]
[BlackElo "2115"]
[WhiteElo "2315"]
[LiveChessVersion "1.4.8"]

1. e4 {[%clk 1:14:20]} d6 {[%clk 1:30:50]} 2. d4 {[%clk 1:10:58]} Nf6
{[%clk 1:31:10]} 3. Nc3 {[%clk 1:09:22]} g6 {[%clk 1:31:11]} 4. f4
{[%clk 1:07:49]} Bg7 {[%clk 1:30:42]} 5. Nf3 {[%clk 1:05:34]} c5 {[%clk 1:26:08]}
6. e5 {[%clk 1:02:19]} Ng4 {[%clk 1:22:28]} 7. Bb5+ {[%clk 0:59:45]} Bd7
{[%clk 1:16:14]} 8. e6 {[%clk 0:58:41]} fxe6 {[%clk 1:10:54]} 9. Ng5
{[%clk 0:56:39]} Bxb5 {[%clk 1:03:43]} 10. Nxe6 {[%clk 0:56:48]} Bxd4
{[%clk 1:03:39]} 11. Nxd8 {[%clk 0:56:54]} Bf2+ {[%clk 1:04:02]} 12. Kd2
{[%clk 0:57:18]} Be3+ {[%clk 1:04:23]} 13. Ke1 {[%clk 0:57:43]} Bf2+
{[%clk 1:04:46]} 14. Kd2 {[%clk 0:58:09]} Be3+ {[%clk 1:05:11]} 15. Ke1
{[%clk 0:58:33]} Bf2+ {[%clk 1:05:37]} 16. Nb1 1/2-1/2

[Event "Moscow Open F"]
[Site "?"]
[Date "2017.01.30"]
[Round "4.10"]
[White "Astrelin, Evgeny"]
[Black "Kamrukov, Alexey"]
[Result "0-1"]
[BlackElo "2311"]
[WhiteElo "1961"]
[LiveChessVersion "1.4.8"]

1. d4 {[%clk 1:30:59]} d5 {[%clk 1:30:56]} 2. c4 {[%clk 1:31:26]} e6
{[%clk 1:30:56]} 3. Nc3 {[%clk 1:31:51]} Nf6 {[%clk 1:31:17]} 4. cxd5
{[%clk 1:32:18]} exd5 {[%clk 1:31:41]} 5. Bg5 {[%clk 1:32:45]} Be7
{[%clk 1:31:22]} 6. e3 {[%clk 1:33:11]} c6 {[%clk 1:29:27]} 7. Bd3
{[%clk 1:33:35]} Bg4 {[%clk 1:21:34]} 8. f3 {[%clk 1:34:00]} Bh5 {[%clk 1:20:12]}
9. Nge2 {[%clk 1:33:57]} Bg6 {[%clk 1:18:47]} 10. O-O {[%clk 1:34:11]} O-O
{[%clk 1:12:16]} 11. Bxg6 {[%clk 1:33:25]} hxg6 {[%clk 1:12:35]} 12. Bh4
{[%clk 1:33:52]} Na6 {[%clk 1:07:07]} 13. Bf2 {[%clk 1:34:00]} c5
{[%clk 1:01:36]} 14. h3 {[%clk 1:34:22]} Re8 {[%clk 0:56:52]} 15. g4
{[%clk 1:32:00]} Nc7 {[%clk 0:47:41]} 16. a4 {[%clk 1:30:17]} Ne6
{[%clk 0:44:04]} 17. Kg2 {[%clk 1:28:58]} Rc8 {[%clk 0:40:21]} 18. Rh1
{[%clk 1:27:02]} cxd4 {[%clk 0:37:59]} 19. Nxd4 {[%clk 1:27:09]} Bc5
{[%clk 0:34:41]} 20. Nb3 {[%clk 1:19:59]} Bb4 {[%clk 0:22:56]} 21. Nb5
{[%clk 1:19:43]} a6 {[%clk 0:21:38]} 22. N5d4 {[%clk 1:20:09]} Qd7
{[%clk 0:21:07]} 23. Nxe6 {[%clk 1:17:04]} Rxe6 {[%clk 0:19:55]} 24. Nd4
{[%clk 1:17:13]} Ree8 {[%clk 0:19:25]} 25. h4 {[%clk 1:17:23]} Bc5
{[%clk 0:15:53]} 26. Qd3 {[%clk 0:50:16]} Bxd4 {[%clk 0:13:36]} 27. exd4
{[%clk 0:50:07]} Rc6 {[%clk 0:12:23]} 28. h5 {[%clk 0:46:35]} gxh5
{[%clk 0:09:13]} 29. gxh5 {[%clk 0:27:56]} Nh7 {[%clk 0:07:42]} 30. Rag1
{[%clk 0:25:39]} Rf6 {[%clk 0:05:54]} 31. b3 {[%clk 0:21:25]} Ng5
{[%clk 0:04:53]} 32. Rh4 {[%clk 0:05:03]} Nxf3 {[%clk 0:03:36]} 33. Qxf3
{[%clk 0:01:55]} Rxf3 {[%clk 0:04:00]} 34. Kxf3 {[%clk 0:02:22]} Qf5+
{[%clk 0:04:01]} 35. Kg2 {[%clk 0:01:03]} Re2 {[%clk 0:03:57]} 36. Rf1
{[%clk 0:01:28]} Qg5+ {[%clk 0:03:55]} 37. Kh3 {[%clk 0:01:53]} Rb2
{[%clk 0:03:33]} 38. h6 {[%clk 0:01:59]} Qf5+ {[%clk 0:02:52]} 39. Kg2
{[%clk 0:02:21]} gxh6 {[%clk 0:03:12]} 40. Kg1 {[%clk 0:02:19]} Qg5+
{[%clk 0:02:47]} 41. Kh1 {[%clk 0:02:39]} Rxf2 {[%clk 0:03:11]} 42. Rg1
{[%clk 0:02:55]} Rf1 {[%clk 0:03:33]} 43. Rxf1 {[%clk 0:02:57]} Qxh4+
{[%clk 0:03:58]} 44. Kg2 {[%clk 0:03:22]} Qxd4 {[%clk 0:04:25]} 0-1

[Event "Moscow Open F"]
[Site "?"]
[Date "2017.01.30"]
[Round "4.11"]
[White "Lugovskoy, Maxim"]
[Black "Shopanov, Akzhan"]
[Result "1-0"]
[BlackElo "2129"]
[WhiteElo "2425"]
[LiveChessVersion "1.4.8"]

1. d4 {[%clk 1:30:53]} Nf6 {[%clk 1:30:52]} 2. Nc3 {[%clk 1:31:19]} d5
{[%clk 1:30:59]} 3. Bf4 {[%clk 1:31:43]} e6 {[%clk 1:30:45]} 4. Nb5
{[%clk 1:32:06]} Na6 {[%clk 1:31:08]} 5. e3 {[%clk 1:32:00]} Be7 {[%clk 1:31:26]}
6. Nf3 {[%clk 1:32:05]} O-O {[%clk 1:31:27]} 7. h3 {[%clk 1:32:29]} c5
{[%clk 1:30:42]} 8. Be2 {[%clk 1:31:04]} c4 {[%clk 1:29:34]} 9. O-O
{[%clk 1:29:39]} Bd7 {[%clk 1:29:33]} 10. a4 {[%clk 1:29:45]} Qb6
{[%clk 1:29:20]} 11. Ne5 {[%clk 1:29:57]} Rac8 {[%clk 1:26:06]} 12. Bg5
{[%clk 1:18:25]} Nb8 {[%clk 1:21:27]} 13. e4 a6 14. Nc3 Qxb2 15. Qd2 Bb4 16. Bxf6
gxf6 17. Ng4 Be7 18. Rfb1 1-0

[Event "Moscow Open F"]
[Site "?"]
[Date "2017.01.30"]
[Round "4.12"]
[White "Mikhailov, Ivan"]
[Black "Nikologorskiy, Konstantin"]
[Result "0-1"]
[BlackElo "2416"]
[WhiteElo "2005"]
[LiveChessVersion "1.4.8"]

1. d4 {[%clk 1:25:22]} Nf6 {[%clk 1:30:46]} 2. c4 {[%clk 1:25:39]} e6
{[%clk 1:31:11]} 3. g3 {[%clk 1:26:02]} d5 {[%clk 1:27:53]} 4. Nf3
{[%clk 1:26:24]} Bb4+ {[%clk 1:27:34]} 5. Bd2 {[%clk 1:26:47]} Be7
{[%clk 1:28:00]} 6. Bg2 {[%clk 1:27:08]} c6 {[%clk 1:27:41]} 7. O-O
{[%clk 1:27:31]} dxc4 {[%clk 1:27:42]} 8. Qc2 {[%clk 1:20:18]} b5
{[%clk 1:26:48]} 9. a4 {[%clk 1:17:52]} Bb7 {[%clk 1:26:44]} 10. Nc3
{[%clk 1:13:08]} a6 {[%clk 1:26:53]} 11. e4 {[%clk 1:11:44]} O-O {[%clk 1:24:50]}
12. e5 {[%clk 1:09:01]} Nd5 {[%clk 1:24:50]} 13. Ne4 {[%clk 1:09:20]} Nd7
{[%clk 1:21:23]} 14. Bg5 {[%clk 1:01:53]} h6 {[%clk 1:06:15]} 15. Bxe7
{[%clk 0:48:24]} Qxe7 {[%clk 1:06:15]} 16. Nd6 {[%clk 0:48:45]} N7b6
{[%clk 1:06:58]} 17. Nd2 {[%clk 0:45:52]} Nb4 {[%clk 1:01:56]} 18. Qb1
{[%clk 0:41:09]} f5 {[%clk 1:01:02]} 19. axb5 axb5 {[%clk 1:01:27]} 20. Rxa8
{[%clk 0:37:02]} Bxa8 {[%clk 0:55:06]} 21. g4 {[%clk 0:25:45]} N6d5
{[%clk 0:50:38]} 22. gxf5 {[%clk 0:17:25]} exf5 {[%clk 0:51:03]} 23. Nxf5
{[%clk 0:17:25]} Qg5 {[%clk 0:51:03]} 24. Ne3 {[%clk 0:17:25]} Nxe3
{[%clk 0:51:03]} 25. fxe3 {[%clk 0:17:45]} Qxe3+ {[%clk 0:50:01]} 26. Kh1
{[%clk 0:18:12]} Qxd2 {[%clk 0:50:10]} 27. Rxf8+ {[%clk 0:18:19]} Kxf8
{[%clk 0:50:39]} 28. Qf5+ {[%clk 0:18:39]} Ke7 {[%clk 0:51:06]} 29. h3
{[%clk 0:14:39]} Qxd4 {[%clk 0:49:23]} 30. Qc8 {[%clk 0:12:59]} Qd8
{[%clk 0:49:48]} 31. Qg4 {[%clk 0:13:07]} Qf8 {[%clk 0:48:46]} 32. Qg6
{[%clk 0:12:44]} Kd8 {[%clk 0:48:09]} 33. e6 {[%clk 0:09:26]} Nd5
{[%clk 0:48:09]} 34. Be4 {[%clk 0:09:36]} Qf1+ {[%clk 0:47:04]} 35. Kh2
{[%clk 0:10:05]} Qf4+ {[%clk 0:47:28]} 36. Kh1 {[%clk 0:10:28]} Qc1+
{[%clk 0:47:54]} 37. Kh2 {[%clk 0:10:48]} Qxb2+ {[%clk 0:48:20]} 38. Kh1
{[%clk 0:11:14]} Qc1+ {[%clk 0:48:17]} 39. Kh2 {[%clk 0:11:39]} Qf4+
{[%clk 0:46:41]} 40. Kh1 {[%clk 0:12:04]} Qf6 {[%clk 0:46:59]} 0-1

[Event "Moscow Open F"]
[Site "?"]
[Date "2017.01.30"]
[Round "4.13"]
[White "Tekeyev, Zaur"]
[Black "Ustich, Ekaterina"]
[Result "1-0"]
[BlackElo "2004"]
[WhiteElo "2357"]
[LiveChessVersion "1.4.8"]

1. e4 {[%clk 1:30:58]} e5 {[%clk 1:30:46]} 2. Nf3 {[%clk 1:31:22]} Nc6
{[%clk 1:31:10]} 3. Bb5 {[%clk 1:31:48]} Nge7 {[%clk 1:31:24]} 4. Nc3
{[%clk 1:32:07]} g6 {[%clk 1:31:12]} 5. d4 {[%clk 1:32:26]} exd4 {[%clk 1:31:32]}
6. Nd5 {[%clk 1:32:51]} Nxd5 {[%clk 1:14:23]} 7. exd5 {[%clk 1:32:58]} Qe7+
{[%clk 1:10:34]} 8. Be2 {[%clk 1:24:21]} Ne5 {[%clk 0:52:53]} 9. Nxd4
{[%clk 1:22:11]} Bg7 {[%clk 0:49:48]} 10. O-O {[%clk 1:21:58]} d6
{[%clk 0:47:29]} 11. Bb5+ {[%clk 1:05:25]} Bd7 {[%clk 0:47:43]} 12. f4
{[%clk 1:01:26]} Ng4 {[%clk 0:45:51]} 13. Bxd7+ {[%clk 1:01:43]} Qxd7
{[%clk 0:45:54]} 14. f5 {[%clk 0:52:33]} Nf6 {[%clk 0:40:04]} 15. Qe2+
{[%clk 0:37:09]} Kf8 {[%clk 0:40:10]} 16. Qf3 {[%clk 0:37:17]} Re8
{[%clk 0:35:29]} 17. Bg5 {[%clk 0:36:09]} h6 {[%clk 0:27:38]} 18. Ne6+
{[%clk 0:31:24]} fxe6 {[%clk 0:15:51]} 19. fxe6 {[%clk 0:31:34]} Qe7
{[%clk 0:16:18]} 20. Bxf6 {[%clk 0:31:40]} Bxf6 {[%clk 0:16:43]} 21. Qxf6+
{[%clk 0:32:05]} Qxf6 {[%clk 0:17:10]} 22. Rxf6+ {[%clk 0:32:27]} Ke7
{[%clk 0:17:28]} 23. Raf1 {[%clk 0:29:55]} Kd8 {[%clk 0:16:00]} 24. Rxg6
{[%clk 0:29:07]} c6 {[%clk 0:16:23]} 25. c4 {[%clk 0:29:18]} b5 {[%clk 0:16:02]}
26. b3 {[%clk 0:27:51]} bxc4 {[%clk 0:16:10]} 27. bxc4 {[%clk 0:28:18]} cxd5
{[%clk 0:16:34]} 28. cxd5 {[%clk 0:28:43]} Kc7 {[%clk 0:16:55]} 29. Rc1+
{[%clk 0:28:53]} Kb8 {[%clk 0:17:03]} 30. Rg7 {[%clk 0:27:39]} Rd8
{[%clk 0:17:15]} 31. Rcc7 {[%clk 0:27:30]} Rhg8 {[%clk 0:17:12]} 32. Rb7+
{[%clk 0:27:40]} Ka8 {[%clk 0:17:38]} 33. Rxa7+ {[%clk 0:28:06]} Kb8
{[%clk 0:18:06]} 34. Rab7+ {[%clk 0:28:19]} Ka8 {[%clk 0:18:32]} 35. Rxg8
{[%clk 0:28:46]} Rxg8 {[%clk 0:18:56]} 36. Rd7 {[%clk 0:29:13]} 1-0

[Event "Moscow Open F"]
[Site "?"]
[Date "2017.01.30"]
[Round "4.14"]
[White "Aseeva, Anastasia"]
[Black "Matsenko, Andrei"]
[Result "0-1"]
[BlackElo "2356"]
[WhiteElo "2002"]
[LiveChessVersion "1.4.8"]

1. d4 {[%clk 1:30:57]} Nf6 {[%clk 1:30:55]} 2. g3 {[%clk 1:31:17]} d5
{[%clk 1:30:30]} 3. Bg2 {[%clk 1:31:41]} b5 {[%clk 1:28:10]} 4. Nf3
{[%clk 1:31:40]} Bb7 {[%clk 1:28:03]} 5. O-O {[%clk 1:31:51]} e6 {[%clk 1:28:27]}
6. a4 {[%clk 1:31:41]} b4 {[%clk 1:28:44]} 7. c3 {[%clk 1:30:16]} Nbd7
{[%clk 1:26:17]} 8. cxb4 {[%clk 1:27:22]} Bxb4 {[%clk 1:25:55]} 9. Bd2
{[%clk 1:27:47]} c5 {[%clk 1:22:17]} 10. e3 {[%clk 1:27:08]} O-O {[%clk 1:20:38]}
11. Nc3 {[%clk 1:27:08]} Ba6 {[%clk 1:12:20]} 12. Re1 {[%clk 1:26:52]} Rb8
{[%clk 1:12:45]} 13. Rc1 {[%clk 1:23:14]} Qb6 {[%clk 1:10:00]} 14. Qc2
{[%clk 1:23:13]} Rfc8 {[%clk 1:08:43]} 15. Bf1 {[%clk 1:16:32]} cxd4
{[%clk 1:06:10]} 16. exd4 {[%clk 1:15:48]} Bxf1 {[%clk 1:06:10]} 17. Rxf1
{[%clk 1:15:46]} Ne4 {[%clk 1:03:18]} 18. Rfd1 {[%clk 1:05:07]} Qa5
{[%clk 0:58:38]} 19. Qd3 {[%clk 1:00:34]} Bxc3 {[%clk 0:56:32]} 20. Bxc3
{[%clk 0:57:25]} Qxa4 {[%clk 0:55:46]} 21. Ra1 {[%clk 0:57:37]} Qb3
{[%clk 0:55:59]} 22. Nd2 {[%clk 0:52:44]} Nxd2 {[%clk 0:55:20]} 23. Qxd2
{[%clk 0:53:04]} Rb7 {[%clk 0:54:32]} 24. Ra3 {[%clk 0:52:23]} Qb6
{[%clk 0:54:00]} 25. Rda1 {[%clk 0:52:00]} Nf6 {[%clk 0:52:28]} 26. f3
{[%clk 0:52:16]} h6 {[%clk 0:52:39]} 27. Ra6 {[%clk 0:51:07]} Qc7
{[%clk 0:52:42]} 28. R1a5 {[%clk 0:48:41]} Nd7 {[%clk 0:51:39]} 29. Qd1
{[%clk 0:45:40]} Nb8 {[%clk 0:50:33]} 30. Rc5 {[%clk 0:46:04]} Nxa6
{[%clk 0:50:42]} 31. Rxc7 {[%clk 0:46:27]} Nxc7 {[%clk 0:51:02]} 32. Qa4
{[%clk 0:45:54]} Nb5 {[%clk 0:51:21]} 33. Bd2 {[%clk 0:43:01]} Rc4
{[%clk 0:50:50]} 34. Qa6 {[%clk 0:42:03]} Rb6 {[%clk 0:51:16]} 35. Qa1
{[%clk 0:42:05]} Nxd4 {[%clk 0:51:00]} 36. Be3 {[%clk 0:36:52]} Rb7
{[%clk 0:51:25]} 37. Qd1 {[%clk 0:34:05]} Nf5 {[%clk 0:49:59]} 38. Bc1
{[%clk 0:32:51]} d4 {[%clk 0:49:02]} 39. g4 {[%clk 0:31:56]} Nh4 {[%clk 0:48:41]}
40. Kf2 {[%clk 0:31:39]} d3 {[%clk 0:48:48]} 41. Kg3 {[%clk 0:31:00]} Ng6
{[%clk 0:49:11]} 42. h4 {[%clk 0:30:54]} Rd7 {[%clk 0:49:21]} 43. h5
{[%clk 0:29:44]} Rxc1 {[%clk 0:49:09]} 44. Qxc1 {[%clk 0:29:58]} d2
{[%clk 0:49:36]} 45. Qd1 {[%clk 0:29:50]} Ne5 {[%clk 0:50:02]} 46. b3
{[%clk 0:30:06]} a5 {[%clk 0:49:25]} 47. Kf4 {[%clk 0:27:40]} Nd3+
{[%clk 0:49:29]} 48. Ke3 {[%clk 0:28:07]} Nb2 {[%clk 0:49:53]} 49. Qxd2
{[%clk 0:28:34]} Nd1+ {[%clk 0:50:11]} 50. Kd4 Nb2+ 0-1

[Event "Moscow Open F"]
[Site "?"]
[Date "2017.01.30"]
[Round "4.15"]
[White "Lugovets, Dmitry"]
[Black "Lojko, Alexej"]
[Result "1/2-1/2"]
[BlackElo "2273"]
[WhiteElo "1990"]
[LiveChessVersion "1.4.8"]

1. d4 d5 2. c4 dxc4 3. Nc3 a6 4. a4 Nc6 5. Nf3 Nf6 6. e4 Bg4 7. Be3 e5 8. d5 Na5
9. Be2 Bb4 10. Nd2 Bxe2 11. Qxe2 O-O 12. O-O b5 13. axb5 Bxc3 14. bxc3 axb5 15.
Rfb1 Qd7 16. Ra2 Nb3 17. Rxa8 Rxa8 18. Nxb3 cxb3 19. f3 Ra2 20. Qd1 b2 21. Qb3
Ra1 22. Qxb2 Rxb1+ 23. Qxb1 c6 24. dxc6 Qxc6 25. Qd3 h6 26. g4 Ne8 27. Bf2 Nd6
28. Kg2 Kf8 29. Bg3 f6 30. h4 Ke7 31. g5 hxg5 32. hxg5 Qc4 33. Qd2 Nf7 34. gxf6+
gxf6 35. Qe3 Qc7 36. Bh4 Ke6 37. Bg3 Ke7 38. f4 exf4 39. Bxf4 Qc6 40. Qd4 f5 41.
Qd5 Qxd5 42. exd5 Nd6 43. Kf3 Ne4 44. Be5 Nxc3 1/2-1/2

[Event "Moscow Open F"]
[Site "?"]
[Date "2017.01.30"]
[Round "4.16"]
[White "Grigorieva, Daria"]
[Black "Shapkin, Anatoliy"]
[Result "0-1"]
[BlackElo "2266"]
[WhiteElo "1966"]
[LiveChessVersion "1.4.8"]

1. e4 {[%clk 1:30:58]} e5 {[%clk 1:16:20]} 2. Nf3 {[%clk 1:30:41]} Nc6
{[%clk 1:16:34]} 3. d4 {[%clk 1:31:08]} exd4 {[%clk 1:17:00]} 4. Nxd4
{[%clk 1:31:36]} Nf6 {[%clk 1:17:22]} 5. Nxc6 {[%clk 1:32:02]} bxc6
{[%clk 1:17:47]} 6. e5 {[%clk 1:32:29]} Qe7 {[%clk 1:18:13]} 7. Qe2
{[%clk 1:32:56]} Nd5 {[%clk 1:18:39]} 8. c4 {[%clk 1:33:24]} Ba6 {[%clk 1:19:05]}
9. b3 {[%clk 1:33:51]} g6 {[%clk 1:19:29]} 10. Bb2 {[%clk 1:22:44]} Bg7
{[%clk 1:18:46]} 11. Nd2 {[%clk 1:22:47]} O-O {[%clk 1:13:21]} 12. Qe4
{[%clk 1:21:54]} Nb4 {[%clk 1:04:41]} 13. a3 {[%clk 1:13:21]} d5 {[%clk 1:04:33]}
14. cxd5 {[%clk 1:07:05]} Bxf1 {[%clk 1:04:50]} 15. Qxb4 {[%clk 1:03:31]} Qxb4
{[%clk 1:04:54]} 16. axb4 {[%clk 1:03:54]} Bxg2 {[%clk 1:05:21]} 17. Rg1
{[%clk 1:04:05]} Bxd5 {[%clk 1:05:45]} 18. f4 {[%clk 0:55:44]} Rfb8
{[%clk 1:01:33]} 19. Ra4 {[%clk 0:36:40]} Bf8 {[%clk 1:01:18]} 20. Ba3
{[%clk 0:33:25]} Rb7 {[%clk 0:57:27]} 21. Rg3 {[%clk 0:31:53]} Bh6
{[%clk 0:56:20]} 22. Rg4 {[%clk 0:30:25]} Be6 {[%clk 0:54:43]} 23. Rh4
{[%clk 0:30:40]} Bf8 {[%clk 0:54:55]} 24. b5 {[%clk 0:19:24]} cxb5
{[%clk 0:54:36]} 25. Bxf8 {[%clk 0:19:45]} bxa4 {[%clk 0:54:16]} 26. Be7
{[%clk 0:17:44]} axb3 {[%clk 0:53:59]} 27. Ne4 {[%clk 0:18:07]} h5
{[%clk 0:54:17]} 28. Nf6+ {[%clk 0:18:08]} Kg7 {[%clk 0:54:37]} 29. Nxh5+
{[%clk 0:18:12]} gxh5 {[%clk 0:55:00]} 30. Rxh5 {[%clk 0:18:39]} b2
{[%clk 0:54:24]} 0-1

[Event "Moscow Open F"]
[Site "?"]
[Date "2017.01.30"]
[Round "4.17"]
[White "Ivlev, Aleksey"]
[Black "Orshonova, Elena"]
[Result "1-0"]
[BlackElo "1968"]
[WhiteElo "2259"]
[LiveChessVersion "1.4.8"]

1. d4 {[%clk 1:30:57]} Nf6 {[%clk 1:30:38]} 2. c4 {[%clk 1:31:23]} g6
{[%clk 1:30:49]} 3. Nc3 {[%clk 1:31:48]} Bg7 {[%clk 1:31:08]} 4. e4
{[%clk 1:32:13]} d6 {[%clk 1:31:33]} 5. Nf3 {[%clk 1:32:39]} O-O {[%clk 1:31:51]}
6. Be2 {[%clk 1:33:01]} e5 {[%clk 1:31:47]} 7. d5 {[%clk 1:33:03]} Nbd7
{[%clk 1:31:32]} 8. Bg5 {[%clk 1:25:50]} h6 {[%clk 1:31:57]} 9. Bh4
{[%clk 1:26:17]} Re8 {[%clk 1:28:52]} 10. Nd2 {[%clk 1:26:17]} Nf8
{[%clk 1:28:52]} 11. f3 {[%clk 1:24:35]} g5 {[%clk 1:26:34]} 12. Bf2
{[%clk 1:24:53]} Ng6 {[%clk 1:26:57]} 13. g3 {[%clk 1:24:55]} Bd7
{[%clk 1:22:59]} 14. b4 {[%clk 1:24:25]} Nh7 {[%clk 1:17:35]} 15. O-O
{[%clk 1:21:37]} f5 {[%clk 1:15:04]} 16. exf5 {[%clk 1:20:45]} Bxf5
{[%clk 1:15:28]} 17. Nde4 {[%clk 1:21:03]} Nf6 {[%clk 1:15:28]} 18. Bd3
{[%clk 1:15:45]} Nxe4 {[%clk 1:15:14]} 19. Nxe4 {[%clk 1:15:58]} Rf8
{[%clk 1:07:32]} 20. Be3 {[%clk 1:07:42]} Ne7 {[%clk 0:59:27]} 21. g4
{[%clk 1:02:59]} Bh7 {[%clk 0:56:03]} 22. Rc1 {[%clk 0:58:33]} Kh8
{[%clk 0:55:08]} 23. a4 {[%clk 0:46:46]} c6 {[%clk 0:48:01]} 24. Bb1
{[%clk 0:42:36]} cxd5 {[%clk 0:38:25]} 25. cxd5 {[%clk 0:43:02]} Bg8
{[%clk 0:38:47]} 26. Nc3 {[%clk 0:39:50]} Rc8 {[%clk 0:37:18]} 27. Be4
{[%clk 0:40:00]} a6 {[%clk 0:34:43]} 28. Qd3 {[%clk 0:38:29]} Qd7
{[%clk 0:32:17]} 29. Kg2 {[%clk 0:35:26]} Bf6 {[%clk 0:31:51]} 30. h4
{[%clk 0:34:32]} gxh4 {[%clk 0:31:03]} 31. Bxh6 {[%clk 0:34:39]} Rf7
{[%clk 0:31:17]} 32. Rh1 {[%clk 0:33:51]} Bh7 {[%clk 0:31:20]} 33. Be3
{[%clk 0:27:41]} Rg8 {[%clk 0:30:30]} 34. Bxh7 {[%clk 0:25:58]} Rxh7
{[%clk 0:30:56]} 35. Ne4 {[%clk 0:26:21]} Rg6 {[%clk 0:26:35]} 36. Nxf6
{[%clk 0:26:13]} Rxf6 {[%clk 0:26:59]} 37. Bg5 {[%clk 0:26:39]} Ng6
{[%clk 0:25:18]} 38. Bxf6+ {[%clk 0:26:58]} 1-0

[Event "Moscow Open F"]
[Site "?"]
[Date "2017.01.30"]
[Round "4.19"]
[White "Barash, Mikhail"]
[Black "Oborin, Mikhail"]
[Result "1-0"]
[BlackElo "1912"]
[WhiteElo "2117"]
[LiveChessVersion "1.4.8"]

1. d4 c5 2. d5 Nf6 3. Nc3 e6 4. e4 exd5 5. e5 Ng8 6. Qxd5 d6 7. Bb5+ Nc6 8. Nf3
Bd7 9. exd6 Qb6 10. Bg5 Nf6 11. Bxf6 gxf6 12. Qe4+ Kd8 13. Qf4 Bg7 14. O-O a6 15.
Bc4 Qxb2 16. Ne4 Ne5 17. Nxe5 Qxe5 18. Qxe5 fxe5 19. Nxc5 b6 20. Nxa6 Rc8 21. Nc7
Bf8 22. Rfd1 Bxd6 23. Rxd6 Rxc7 24. Bb3 Ke7 25. Rxb6 Bc6 26. a4 Rg8 27. g3 h5 28.
a5 h4 29. a6 hxg3 30. fxg3 Ba8 31. a7 Rcc8 32. Ra5 Rgd8 33. Rxe5+ Kf8 34. Rf5 Rd2
35. Rb8 Re8 1-0

[Event "Moscow Open F"]
[Site "?"]
[Date "2017.01.30"]
[Round "4.20"]
[White "Ivanov, Maxim"]
[Black "Sizintsev, Alexey"]
[Result "0-1"]
[BlackElo "2108"]
[WhiteElo "1964"]
[LiveChessVersion "1.4.8"]

1. f4 Nf6 2. Nf3 g6 3. e3 Bg7 4. d4 O-O 5. Bd3 d6 6. O-O Bf5 7. Bxf5 gxf5 8. Qd3
Ne4 9. Qb5 Qc8 10. Nbd2 a6 11. Qb3 Nd7 12. Nxe4 fxe4 13. Ng5 Nf6 14. c3 Rb8 15.
Qc2 Qf5 16. Qe2 c5 17. Nh3 Ng4 18. Nf2 h5 19. h3 Nxf2 20. Rxf2 h4 21. Qg4 Qxg4
22. hxg4 f5 23. gxf5 Rxf5 24. b3 b5 25. Bb2 b4 26. Rd1 bxc3 27. Bxc3 Rc8 28. Bb2
Rd5 29. Rfd2 e6 30. Kf2 Kf7 31. Ke2 cxd4 32. Bxd4 Bxd4 33. Rxd4 Rxd4 34. Rxd4 d5
35. Ra4 Rc2+ 36. Kf1 Rc6 37. Ke2 Kf6 38. Kd2 Kf5 39. Rb4 Kg4 40. Rb7 Kg3 41. Rg7+
Kf2 42. Rg4 d4 43. exd4 e3+ 0-1

[Event "Moscow Open F"]
[Site "?"]
[Date "2017.01.30"]
[Round "4.21"]
[White "Badalyan, Shavarsh"]
[Black "Samdanova, Surena"]
[Result "1-0"]
[BlackElo "1887"]
[WhiteElo "2107"]
[LiveChessVersion "1.4.8"]

1. d4 Nf6 2. c4 g6 3. Nc3 d5 4. cxd5 Nxd5 5. e4 Nxc3 6. bxc3 Bg7 7. Nf3 c5 8. Rb1
O-O 9. Be2 Nc6 10. d5 Ne5 11. Nxe5 Bxe5 12. Qc2 e6 13. c4 Re8 14. O-O Qd6 15. h3
f5 16. exf5 exf5 17. Bb2 b6 18. Rfe1 Bd7 19. Bf3 Bxb2 20. Qxb2 Kf7 21. Re6 Bxe6
22. dxe6+ Kxe6 23. Bxa8 Rxa8 24. Qg7 Qd2 25. Qxh7 Kf6 26. Qh4+ Kf7 27. Rb3 Re8
28. Qh7+ Kf6 29. Rg3 Re1+ 30. Kh2 Qxf2 31. Qxg6+ Ke5 32. Qg7+ Ke4 33. Qb7+ Ke5
34. Qd5+ Kf6 35. Qd6+ Re6 36. Qf8+ Ke5 37. Rf3 Qe2 38. Rxf5+ Kd4 39. Rf4+ Kc3 40.
Qg7+ Kb4 41. Qxa7 Qe5 42. Qf7 Rd6 43. Kh1 Rd1+ 44. Rf1 Qe2 45. Rxd1 Qxd1+ 46. Kh2
Qd6+ 47. Kg1 Qd4+ 48. Qf2 Qxc4 49. Qb2+ Ka4 50. Qxb6 Qc1+ 51. Kf2 Qf4+ 52. Ke2
Qe4+ 53. Kd1 Qd3+ 54. Ke1 Qe3+ 55. Kf1 Qd3+ 56. Ke1 c4 57. Qb2 Qe3+ 58. Kf1 c3
59. Qc2+ Kb4 60. Qb3+ Kc5 61. Qc2 Kd4 62. Qa4+ Kd3 63. Qd1+ Qd2 64. Qf3+ Kc2 65.
Qf7 Kd1 66. Qf3+ Kc1 67. Qf6 Kb1 68. h4 Qd3+ 69. Kf2 c2 70. Qb6+ Ka1 71. Qf6+
Kxa2 72. Qe6+ Qb3 73. Qa6+ Kb1 74. Qg6 Kb2 75. Qf6+ Qc3 76. Qb6+ Ka2 77. Qa6+ Kb1
78. Qb5+ Qb2 79. Qd3 Qb6+ 80. Kg3 Kb2 81. Qd2 Qb3+ 82. Kg4 Kb1 {[%clk 1:30:56]}
83. Qe1+ {[%clk 1:24:50]} 1-0

[Event "Moscow Open F"]
[Site "?"]
[Date "2017.01.31"]
[Round "5.1"]
[White "Kezin, Roman"]
[Black "Vaseptsov, Maxim"]
[Result "1/2-1/2"]
[BlackElo "2348"]
[WhiteElo "2439"]
[LiveChessVersion "1.4.8"]

1. d4 {[%clk 1:30:55]} Nf6 {[%clk 1:30:30]} 2. c4 {[%clk 1:31:08]} b6
{[%clk 1:30:26]} 3. Nc3 {[%clk 1:29:34]} Bb7 {[%clk 1:30:44]} 4. Qc2
{[%clk 1:28:23]} d5 {[%clk 1:30:45]} 5. cxd5 {[%clk 1:27:48]} Nxd5
{[%clk 1:31:09]} 6. Nf3 {[%clk 1:27:21]} Nxc3 7. bxc3 {[%clk 1:27:15]} Nd7
{[%clk 1:24:16]} 8. e4 {[%clk 1:24:55]} e5 {[%clk 1:21:46]} 9. Nxe5
{[%clk 1:08:14]} Nxe5 {[%clk 1:05:32]} 10. dxe5 {[%clk 1:08:37]} Qd7
{[%clk 1:05:58]} 11. Be3 {[%clk 0:49:15]} O-O-O {[%clk 1:01:54]} 12. Bc4
{[%clk 0:45:42]} Qe8 {[%clk 0:41:37]} 13. Bf4 {[%clk 0:35:48]} f6
{[%clk 0:26:44]} 14. O-O {[%clk 0:17:12]} fxe5 {[%clk 0:25:34]} 15. Be3
{[%clk 0:17:41]} Ba3 {[%clk 0:21:18]} 16. Rab1 {[%clk 0:04:27]} Qe7
{[%clk 0:18:15]} 17. Rb5 {[%clk 0:01:38]} a6 {[%clk 0:17:11]} 18. Rbb1
{[%clk 0:00:40]} Bc5 {[%clk 0:16:39]} 19. Bxc5 {[%clk 0:00:37]} Qxc5
{[%clk 0:17:07]} 20. Qe2 {[%clk 0:01:01]} Qa5 {[%clk 0:09:44]} 21. Qe3
{[%clk 0:00:44]} Rd6 {[%clk 0:08:48]} 22. Bb3 {[%clk 0:00:33]} h6
{[%clk 0:07:23]} 23. Rbd1 {[%clk 0:00:44]} Rhd8 {[%clk 0:03:09]} 24. Rxd6
{[%clk 0:01:13]} Rxd6 {[%clk 0:03:38]} 25. h3 {[%clk 0:00:46]} g5
{[%clk 0:02:42]} 26. Re1 {[%clk 0:00:45]} Qb5 {[%clk 0:02:15]} 27. Qf3
{[%clk 0:01:05]} Qe8 {[%clk 0:02:16]} 28. Bd5 {[%clk 0:00:44]} Qe7
{[%clk 0:01:52]} 29. c4 {[%clk 0:00:39]} c6 {[%clk 0:01:10]} 30. c5
{[%clk 0:00:35]} Rf6 {[%clk 0:01:28]} 31. Qg4+ {[%clk 0:00:37]} Kb8
{[%clk 0:01:43]} 32. Bb3 {[%clk 0:00:36]} Qxc5 {[%clk 0:02:06]} 33. Qg3
{[%clk 0:00:57]} Rd6 {[%clk 0:02:01]} 34. Re3 {[%clk 0:01:16]} Rd4
{[%clk 0:01:13]} 35. Qg4 {[%clk 0:00:43]} a5 {[%clk 0:01:15]} 36. Rf3
{[%clk 0:00:44]} a4 {[%clk 0:00:38]} 37. Be6 {[%clk 0:01:13]} Ka7
{[%clk 0:00:45]} 38. Rf7 {[%clk 0:01:33]} Ka6 {[%clk 0:00:53]} 39. Qe2+
{[%clk 0:00:42]} b5 {[%clk 0:01:15]} 40. Qg4 {[%clk 0:00:59]} Qc1+
{[%clk 0:00:38]} 41. Kh2 {[%clk 0:01:27]} h5 {[%clk 0:00:37]} 42. Qxh5
{[%clk 0:01:33]} Rxe4 {[%clk 0:01:05]} 43. Qh8 {[%clk 0:00:34]} Rf4
{[%clk 0:00:37]} 44. Qxe5 {[%clk 0:00:35]} Rxf7 {[%clk 0:00:36]} 45. Bxf7
{[%clk 0:01:04]} Qd2 {[%clk 0:00:51]} 46. Kg1 {[%clk 0:00:58]} Qc1+
{[%clk 0:01:01]} 47. Kh2 {[%clk 0:01:26]} Qd2 {[%clk 0:01:26]} 48. Kg1
{[%clk 0:01:25]} Qc1+ {[%clk 0:00:40]} 49. Kh2 {[%clk 0:01:54]} Qd2
{[%clk 0:00:44]} 50. Kg1 Kb6 51. g3 c5 1/2-1/2